000 00418pab a2200145 454500
008 180718b2017 xxu||||| |||| 00| 0 eng d
100 _aGhosh, Soumitra
245 _aCompensatory afforestation: 'compensating' loss of forests or disguising forest offsets?
260 _c2017
300 _ap.67-75.
362 _a23 Sep
650 _aForest management
773 _aEconomic and Political Weekly
909 _a116142
999 _c116136
_d116136